| 000 | 00350nam a22001577a 4500 | ||
|---|---|---|---|
| 003 | OSt | ||
| 005 | 20211227094200.0 | ||
| 008 | 211227b |||||||| |||| 00| 0 eng d | ||
| 020 | _a013127323-X | ||
| 040 | _cHU | ||
| 050 | _a003 | ||
| 082 |
_26th _a003 |
||
| 100 |
_aKendall _924357 |
||
| 245 | _aSystem Analysis And Design | ||
| 942 |
_2ddc _cBOOKS _n0 |
||
| 999 |
_c24228 _d24228 |
||